000 02657cam a22004454i 4500
003 PE-LiUPU
005 20250731183358.0
008 150520s2012 ag a rb 000 0 spa d
020 _a9789505503407
035 _a(Sirsi) i9789505503407
040 _aPE-LiUPU
_bspa
_cPE-LiUPU
_erda
049 _aPRUA
082 0 4 _a780.7
_bO54
100 1 _aD'Onofrio, Silvana,
_eautor.
245 1 0 _aMúsica y artes visuales :
_buna propuesa integradora /
_cSilvana D'Onofrio.
250 _a1a ed.
264 1 _aBuenos Aires :
_bMagisterio del Rio de la Plata, Grupo editorial Lumen,
_c[2012].
300 _a1 CD-ROM
300 _a105 páginas :
_bilustraciones ;
_c26 centímetros
336 _atext
_2rdacontent
337 _aunmediated
_2rdamedia
338 _avolume
_2rdacarrier
490 0 _aintegrARTE
504 _aBibliografía: página 87.
505 0 _aUn especial agradecimiento para -- Colección "Las artes en el nivel preescolar y primer ciclo de la escuela primaria -- A modo de introducción y fundamentación -- Algunas consideraciones -- Sobre el entorno sonoro -- Sobre el niño, la escuela y el arte -- Sobre la escuela musical -- El paisaje sonoro -- Antes de comenzar la tarea -- Objetivos -- Actividades -- ¿Cómo suenan las cosas? -- Reconociendo nuestro entorno -- A escuchar con los ojos -- Los textos tienen sonidos -- Un proyecto escolar -- Datos biográficos -- Los instrumentos y las artes plásticas -- Antes de iniciar la tarea -- Otras formas de ordenar los instrumentos -- Familias de instrumentos -- Familia de la cuerda -- Familia de la madera -- Familia de la percusión -- Ahora, a trabajar -- Objetivos -- Datos de obras y autores -- Cantares que van contando -- Antes de iniciar la tarea -- Hagamos historia -- Actividades -- Datos biográficos -- Canciones que cuentan historias -- Sugerimos la siguiente música para escuchar.
526 _aP158
526 _aP146
526 _aP17
526 _aP12
526 _aP06
541 _g043-0014414;
650 1 4 _aArte
_xEstudio y enseñanza (Primaria).
650 1 4 _aMúsica
_xEstudio y enseñanza (Elemental).
910 _ardg
_bjck
_crdg
_d20150520
942 _2ddc
_cBOOK
949 _a780.7 O54
_wDEWEY
_c1
_i71271
_d2016-9-15
_e2016-9-12
_lCCODEBUL1
_mBUL
_n1
_p7.23
_r0
_sY
_tBOOK
_u2015-5-20
_xEDUCACION
_PP20
_0COMPRA
_o.STAFF. Colección General
994 _aC0
_bPEPRU
596 _a1
999 _a780.7 O54
_wDEWEY
_c20058
_i71271
_d20058
_e2016-9-12
_f2021-11-8
_g5
_lCCODEBUL1
_mBUL
_n1
_p7.23
_r0
_sY
_tBOOK
_u2015-5-20
_xEDUCACION
_PP20
_0COMPRA
_o.STAFF. Colección General
980 _81
_gALBERTO SANCHEZ Responsable de Automatización